Curso y discurso del movimiento plebeyo (1849-1854) (Registro nro. 180359)

Detalles MARC
000 -ENCABEZADO
Número de control [NR] 00931 a2200229 4500
005 - FECHA Y HORA DE LA ÚLTIMA TRANSACCIÓN
control field 20180208074501.0
008 - DE LONGITUD FIJA DE DATOS DE ELEMENTOS - INFORMACIÓN GENERAL
Elementos de longitud fija [NR] 130909s1995 ck frn 000 0dspa d
020 ## - NUMERO INTERNACIONAL NORMALIZADO PARA LIBROS [R]
Número Internacional Normalizado del libro [NR] 9583600156
040 ## - FUENTE DE CATALOGACION [NR]
Agencia de catalogación original [NR] CO-BoUCM
Idioma de catalogación [NR] spa
Quien Cataloga Saul Niño (Modificó)
Quien Clasifica Aldemar Mondragón
041 00 - CODIGO DE IDIOMA [R]
Código de idioma para texto/pista de sonido o título separado [R] Español
100 1# - ASIENTO PRINCIPAL--NOMBRE PERSONAL [NR]
Nombre personal [NR] Gutiérrez Sanín, Francisco
ID Autoridad 44599
245 10 - MENCION DE TITULO [NR]
Título [NR] Curso y discurso del movimiento plebeyo (1849-1854)
Mención de responsabilidad, etc. [NR] Francisco Gutiérrez Sanín ; prólogo de Gonzalo sánchez
260 ## - PUBLICACION, DISTRIBUCION, ETC. (PIE DE IMPRENTA) [R]
Fecha de publicación, distribución, etc. [R] 1995
Nombre del editor, distribuidor, etc. [R] El Áncora
Lugar de publicación, distribución, etc. [R] Bogotá (Colombia)
300 ## - DESCRIPCION FISICA [R]
Extensión [R] 241 páginas
650 #7 - ASIENTO SECUNDARIO DE MATERIA - TERMINO TEMATICO [R]
Término temático o nombre geográfico como elemento de entrada [NR] Movimientos sociales
Subdivisión geográfica [R] Colombia
Subdivisión cronológica [R] Siglo XIX
9 (RLIN) 44601
650 #7 - ASIENTO SECUNDARIO DE MATERIA - TERMINO TEMATICO [R]
Término temático o nombre geográfico como elemento de entrada [NR] Trabajo y clases trabajadoras
Subdivisión geográfica [R] Colombia
Subdivisión cronológica [R] Siglo XIX
9 (RLIN) 44600
651 #4 - ASIENTO SECUNDARIO DE MATERIA - NOMBRE GEOGRAFICO [R]
Nombre geográfico [NR] Colombia
Subdivisión general [R] Política y gobierno
Subdivisión geográfica [R] Siglo XIX
9 (RLIN) 44602
690 ## - ASUNTO AGREGADO LOCAL DE ENTRADA - TÉRMINO TEMÁTICO (OCLC, RLIN)
Acceso temático local Historia de Colombia
9 (RLIN) 26508
700 1# - ASIENTO SECUNDARIO - NOMBRE PERSONAL [R]
Nombre personal [NR] Sánchez, Gonzalo
Término de relación [R] prólogo
9 (RLIN) 44644
942 ## - ELEMENTOS DE ENTRADA AGREGADOS (KOHA)
Tipo de ítem principal el descrito en 300a Libro de reserva
Tema principal Historia
Edición 1
Parte restante de la signatura top. G984c
Sistema de clasificación DEWEY
Clasificación 986.605 G984c
Existencias
Signatura topográfica Código de barras Última vez visto Ejemplar Costo de reposición Price effective from Tipo de ítem Perdido Sistema de clasificación Dañado No prestable Tipo de ítem específico Suprimido Ubicación habitual Ubicación actual Localización Fecha de creación Proveedor Forma de adquisición Costo Total préstamos
986.605 G984c 100135980 09/12/2025 Ej.1 25500.00 27/08/2013 Libro   DEWEY     Libro   Claustro Claustro 2do piso 27/08/2013 10 Compra 25500.00  
986.605 G984c 100147686 09/12/2025 Ej.2 26000.00 26/10/2015 Libro   DEWEY     Libro   Claustro Claustro 2do piso 26/10/2015 12 Donación 0.00